Sudden Death - An welches Land...denke ich nicht? - Asien - Statistiken

Allgemein
  • Dieses Quiz wurde 107 mal gespielt
  • Das Durchschnittsergebnis liegt bei 4 aus 38
Answers on the Grid
Answers color-coded by a green-red scale on the quiz's grid according to % correct below.
Indien🇮🇳
Sri Lanka🇱🇰
Bangladesch🇧🇩
Malediven🇲🇻
Bhutan🇧🇹
Nepal🇳🇵
China🇨🇳
Nordkorea🇰🇵
Südkorea🇰🇷
Taiwan🇹🇼
Vietnam🇻🇳
Laos🇱🇦
Myanmar🇲🇲
Thailand🇹🇭
Kambodscha🇰🇭
Philippinen🇵🇭
Brunei🇧🇳
Malaysia🇲🇾
Singapur🇸🇬
Indonesien🇮🇩
Osttimor🇹🇱
Japan🇯🇵
Tadschikistan🇹🇯
Kasachstan🇰🇿
Usbekistan🇺🇿
Kirgisistan🇰🇬
Georgien🇬🇪
Armenien🇦🇲
Aserbaidschan🇦🇿
Turkmenistan🇹🇲
Pakistan🇵🇰
Türkei🇹🇷
Mongolei🇲🇳
Afghanistan🇦🇫
Libanon🇱🇧
Jordanien🇯🇴
Iran🇮🇷
Saudi-Arabien🇸🇦
Oman🇴🇲
Vereinigte Arabische Emirate🇦🇪
Jemen🇾🇪
Katar🇶🇦
Kuwait🇰🇼
Bahrain🇧🇭
Irak🇮🇶
Israel🇮🇱
Zypern🇨🇾
Syrien🇸🇾
Russland🇷🇺
 
Antwortstatistiken
Antwort % Korrekt
China🇨🇳
31%
Israel🇮🇱
20%
Nordkorea🇰🇵
15%
Russland🇷🇺
15%
Indonesien🇮🇩
14%
Japan🇯🇵
14%
Südkorea🇰🇷
14%
Thailand🇹🇭
14%
Philippinen🇵🇭
12%
Vietnam🇻🇳
12%
Pakistan🇵🇰
11%
Türkei🇹🇷
11%
Afghanistan🇦🇫
9%
Armenien🇦🇲
9%
Singapur🇸🇬
9%
Sri Lanka🇱🇰
9%
Syrien🇸🇾
9%
Aserbaidschan🇦🇿
8%
Bangladesch🇧🇩
8%
Brunei🇧🇳
8%
Jordanien🇯🇴
8%
Katar🇶🇦
8%
Kirgisistan🇰🇬
8%
Libanon🇱🇧
8%
Mongolei🇲🇳
8%
Vereinigte Arabische Emirate🇦🇪
8%
Bhutan🇧🇹
6%
Kuwait🇰🇼
6%
Laos🇱🇦
6%
Malaysia🇲🇾
6%
Taiwan🇹🇼
6%
Zypern🇨🇾
6%
Kasachstan🇰🇿
5%
Tadschikistan🇹🇯
5%
Turkmenistan🇹🇲
5%
Georgien🇬🇪
3%
Irak🇮🇶
3%
Oman🇴🇲
3%
Keine übereinstimmenden Quizze gefunden
Verteilung der Resultate
Anzahl Personen mit jedem Resultat
Perzentil nach korrekt beantworteten Fragen
Ihre Resultats-Entwicklung
Sie haben dieses Quiz noch nicht gespielt